00698nam a2200193 a 450000100100000000500170001000800410002702000150006804000250008308200150010810000350012324501160015826000380027430000210031250000320033304900090036595201130037499900170048700002480120200930023358.0110203s1990 sp r 000 | spa d a8476455690 aDO-SdBNPbspacBNPHU axxxbL362n1 aLatrach Silva, Waldo A.95089414aLos niños que tienes en tus manos :bmanual del pedagogía para padres y maestros /cWaldo A. Latrach Silva. aBarcelona :bSeix Barral ,c1990. a515 p. ;c19 cm. aBibliografía : p. 103-104 aBNGR 001050718MOaGRbGRcCTd2011-02-04iLF1l0oxxx L362np24801-10r2020-06-25w2020-06-25y1ZNo se presta c24294d24294